Statistics for Types of Bone Fractures

Click here to take the quiz!

General Stats

  • This quiz has been taken 12 times
  • The average score is 3 of 12

Answer Stats

#Fracture% Correct
3Compound Fracture
73%
10Simple Fracture
55%
4Greenstick Fracture
45%
2Comminuted Fracture
36%
8Open Fracture
36%
12Spiral Fracture
36%
5Impacted Fracture
9%
11Stress Fracture
9%
1Collies' Fracture
0%
6March Fracture
0%
7Multiple Fracture
0%
9Pott's Fracture
0%

Score Distribution

Percentile by Number Answered

Percent of People with Each Score

Your Score History

You have not taken this quiz